000 00802nam a2200241Ii 4500
003 JO-AjNU
008 230605s9999||||xx |||||||||||||| ||und||
017 _a1983/3153
020 _a977-02-0487-0
040 _aJO-AjNU
_bara
_erda
_cJO-AjNU
041 _aara
050 1 4 _aBP163.H3288 1900
100 3 _aالحبابي، محمد عزيز,
_eauthor
_915222
245 0 0 _aالشخصانية الإسلامية
250 _aط2
264 3 1 _aالقاهرة: دار المعارف، د.ت
300 _a151ص
_bيشتمل على جدول الاعلام (ص146-148)
336 _atext
_btxt
_2rdacontent
337 _aunmediated
_bn
_2rdamedia
338 _avolume
_bnc
_2rdacarrier
490 0 _aمكتبة الدراسات الاسلامية
650 4 _aالفلسفة الاسلامية
_915223
999 _aA4247
_c7815
_d7815